LEGO Star Wars: Midi-Scale/Starship Collection Sets by Picture - Statistics

General Stats
  • This quiz has been taken 58 times
    14 since last reset
  • The average score is 9 of 11
Answer Stats
Picture Answer % Correct
AT-AT
100%
Executor Super Star Destroyer
100%
Imperial Star Destroyer
100%
Millenium Falcon
93%
Tantive IV
93%
Invisible Hand
86%
Venator-Class Attack Cruiser
86%
Kylo Ren's command shuttle
71%
Acclamator-Class Assault Ship
64%
Home One Starcruiser
64%
Nebulon-B Frigate
43%
No matching quizzes found
Score Distribution
Percent of People with Each Score
Percentile by Number Answered
Your Score History
You have not taken this quiz since the last reset